| 000 | 00000nam##2200000za#4500 |
| 001 | 9.567676 |
| 003 | CaOODSP |
| 005 | 20210624180907 |
| 007 | cr ||||||||||| |
| 008 | 150406|1998||||xxc|||||o f|0| 0 eng|d |
| 040 | |aCaOODSP|beng |
| 043 | |an-cn--- |
| 086 | 1 |aBT31-2/1999-III-84E-PDF |
| 110 | 1 |aCanada. |bTreasury Board. |
| 245 | 10|aRCMP Public Complaints Commission, 1998-1999 estimates, a report on plans and priorities |h[electronic resource] |
| 260 | |aOttawa - Ontario : |bTreasury Board of Canada Secretariat |c[1998]. |
| 300 | |a20p.|borganization chart, tables, index |
| 490 | 1 |a1998-99 estimates. Part III, Report on plans and priorities |v1998-1999 |
| 500 | |aIncorrect catalogue number (BT31-2/1999-III-13) and ISBN (0-660-60071-4) copied in this electronic publication. |
| 590 | |a10-12-Supp|b2010-11-18 |
| 775 | 08|tCommission des plaintes du public contre la GRC, budget des dépenses 1998-1999, rapport sur les plans et les priorités |w(CaOODSP)9.599006 |
| 776 | 0#|tRCMP Public Complaints Commission |w(CaOODSP)9.530394 |
| 776 | 0#|tCommission des plaintes du public contre la GRC |w(CaOODSP)9.530395 |
| 830 | #0|a1998-99 estimates. Part III, Report on plans and priorities ;|v1998-1999|w(CaOODSP)9.505714 |
| 856 | 40|ahttp://publications.gc.ca|qPDF|s93 KB|uhttps://publications.gc.ca/collections/Collection/BT31-2-1999-III-84E.pdf|y1998-1999 |